| Tag |
First Indicator |
Second Indicator |
Subfields |
| LEADER |
00000cam a2200000La 4500 |
| 001 |
in00002234530 |
| 005 |
20190326183846.0 |
| 006 |
m u |
| 007 |
cr cn| |
| 008 |
020716s2002 enka sf 001 0 eng d |
| 020 |
|
|
|a 0585414815 (electronic bk.)
|
| 020 |
|
|
|a 9780585414812 (electronic bk.)
|
| 035 |
|
|
|a (OCoLC)ocm50553298
|
| 035 |
|
|
|a (OCoLC)50553298
|
| 040 |
|
|
|a N$T
|c N$T
|d OCLCQ
|d UtOrBLW
|
| 043 |
|
|
|a e-uk---
|
| 049 |
|
|
|a TXAM
|
| 050 |
1 |
4 |
|a RA645.7.G7
|b M3 2002eb
|
| 082 |
0 |
4 |
|a 616.025
|2 21
|
| 245 |
0 |
0 |
|a Major incident medical management and support :
|b the practical approach at the scene /
|c Advanced Life Support Group.
|
| 250 |
|
|
|a 2nd ed.
|
| 264 |
|
1 |
|a London :
|b BMJ Books,
|c [2002]
|
| 264 |
|
4 |
|c ©2002
|
| 300 |
|
|
|a xv, 222 pages :
|b illustrations
|
| 336 |
|
|
|a text
|b txt
|2 rdacontent
|
| 337 |
|
|
|a computer
|b c
|2 rdamedia
|
| 338 |
|
|
|a online resource
|b cr
|2 rdacarrier
|
| 500 |
|
|
|a Includes index.
|
| 533 |
|
|
|a Electronic reproduction.
|b Boulder, Colo. :
|c NetLibrary,
|d 2002.
|n Available via World Wide Web.
|n Access may be limited to NetLibrary affiliated libraries.
|
| 500 |
|
|
|a Electronic resource.
|
| 650 |
|
0 |
|a Disaster medicine
|z Great Britain
|v Handbooks, manuals, etc.
|
| 650 |
|
0 |
|a Emergency medical services
|z Great Britain
|v Handbooks, manuals, etc.
|
| 655 |
|
7 |
|a Electronic books.
|2 local
|
| 710 |
2 |
|
|a NetLibrary, Inc.
|
| 710 |
2 |
|
|a Advanced Life Support Group (Manchester, England)
|
| 776 |
1 |
|
|c Original
|z 0727913913
|
| 856 |
4 |
0 |
|u http://proxy.library.tamu.edu/login?url=http://www.netLibrary.com/urlapi.asp?action=summary&v=1&bookid=70241
|z Connect to the full text of this electronic book
|t 0
|
| 994 |
|
|
|a 92
|b TXA
|
| 999 |
|
|
|a MARS
|
| 999 |
f |
f |
|s 2c468ab3-ecb7-37c8-bf72-49f2887df851
|i c0c41e53-74c1-3f0a-b4cb-2eedcc75051d
|t 0
|
| 952 |
f |
f |
|a Texas A&M University
|b College Station
|c Electronic Resources
|d Available Online
|t 0
|e RA645.7.G7 M3 2002eb
|h Library of Congress classification
|
| 998 |
f |
f |
|a RA645.7.G7 M3 2002eb
|t 0
|l Available Online
|